Modern trends in physics research : (Record no. 6282)

MARC details
000 -LEADER
fixed length control field 01479nac a22003371i 4500
003 - CONTROL NUMBER IDENTIFIER
control field EG-ScBUE
005 - DATE AND TIME OF LATEST TRANSACTION
control field 20250601093027.0
008 - FIXED-LENGTH DATA ELEMENTS--GENERAL INFORMATION
fixed length control field 250312s2007 nyuac f b 101 0 eng d
020 ## - INTERNATIONAL STANDARD BOOK NUMBER
International Standard Book Number 0735403945
020 ## - INTERNATIONAL STANDARD BOOK NUMBER
International Standard Book Number 9780735403949
040 ## - CATALOGING SOURCE
Original cataloging agency EG-ScBUE
Language of cataloging eng
Description conventions rda
Transcribing agency EG-ScBUE
Modifying agency EG-ScBUE
082 04 - DEWEY DECIMAL CLASSIFICATION NUMBER
Classification number 530.072
Item number INT
Edition number 22
111 2# - MAIN ENTRY--MEETING NAME
Meeting name or jurisdiction name as entry element International conference on modern trends in physics research
Number of part/section/meeting (2nd :
Date of meeting 2006 :
Location of meeting Cairo, Egypt)
245 10 - TITLE STATEMENT
Title Modern trends in physics research :
Remainder of title second international conference on modern trends in physics research, MTPR-06, Cairo, Egypt, 6-11 April 2006 /
Statement of responsibility, etc editor, Lotfia El Nadi.
246 30 - VARYING FORM OF TITLE
Title proper/short title Physics research
246 30 - VARYING FORM OF TITLE
Title proper/short title Second international conference on modern trends in physics research
246 30 - VARYING FORM OF TITLE
Title proper/short title MTPR-06
264 #1 - PUBLICATION, DISTRIBUTION, ETC. (IMPRINT)
Place of publication, distribution, etc Melville, New York :
Name of publisher, distributor, etc American Institute of Physics,
Date of publication, distribution, etc 2007.
300 ## - PHYSICAL DESCRIPTION
Extent xxxvii, 412 pages :
Other physical details illustrations (some color), portraits ;
Dimensions 28 cm.
336 ## - CONTENT TYPE
Source rdacontent
Content type term text
Content type code txt
337 ## - MEDIA TYPE
Media type term unmediated
Source rdamedia
Media type code n
338 ## - CARRIER TYPE
Carrier type term volume
Carrier type code nc
Source rdacarrier
490 1# - SERIES STATEMENT
Series statement AIP conference proceedings,
International Standard Serial Number 0094-243X ;
Volume number/sequential designation volume 888
504 ## - BIBLIOGRAPHY, ETC. NOTE
Bibliography, etc Includes bibliographical references and index.
650 #7 - SUBJECT ADDED ENTRY--TOPICAL TERM
Topical term or geographic name as entry element Physics
General subdivision Research
Form subdivision Congresses.
Source of heading or term BUEsh
655 ## - INDEX TERM--GENRE/FORM
Form subdivision Reading book
700 1# - ADDED ENTRY--PERSONAL NAME
Personal name El Nadi, Lotfia,
Relator term editor.
856 41 - ELECTRONIC LOCATION AND ACCESS
Uniform Resource Identifier <a href="http://proceedings.aip.org/proceedings/confproceed/748.jsp">http://proceedings.aip.org/proceedings/confproceed/748.jsp</a>
856 41 - ELECTRONIC LOCATION AND ACCESS
Materials specified Publisher description
Uniform Resource Identifier <a href="http://www.loc.gov/catdir/enhancements/fy0663/2005922442-d.html">http://www.loc.gov/catdir/enhancements/fy0663/2005922442-d.html</a>
942 ## - ADDED ENTRY ELEMENTS (KOHA)
Koha item type NB - Book (Non borrowing)
Source of classification or shelving scheme Dewey Decimal Classification
Holdings
Withdrawn status Lost status Source of classification or shelving scheme Damaged status Not for loan Collection code Home library Current library Shelving location Date acquired Source of acquisition Total Checkouts Full call number Barcode Date last seen Price effective from Koha item type
    Dewey Decimal Classification     Alahram Central Library Central Library First floor 19/11/2007 Purchase   530.072 INT 000007128 15/07/2025 19/11/2007 NB - Book (Non borrowing)